|
|
|
|
| LEADER |
01016nam a2200337 4500 |
| 001 |
DLU110116937 |
| 005 |
##20101221 |
| 040 |
# |
# |
|a DLU
|b eng
|
| 041 |
# |
# |
|a eng
|
| 044 |
# |
# |
|a us
|
| 100 |
# |
# |
|a Ou-Yang, H. Daniel.
|
| 245 |
# |
# |
|a Complex fluids : Probing mechanical properties of biological systems with optical tweezers /
|c H. Daniel Ou-Yang, Ming-Tzo Wei.
|
| 653 |
# |
# |
|a Actin filaments
|
| 653 |
# |
# |
|a Cytoskeleton
|
| 653 |
# |
# |
|a DNA
|
| 653 |
# |
# |
|a Focal adhesion complexes
|
| 653 |
# |
# |
|a Microrheology
|
| 653 |
# |
# |
|a Motor proteins
|
| 653 |
# |
# |
|a Nonequilibrium thermodynamics
|
| 653 |
# |
# |
|a Viscoelasticity
|
| 700 |
# |
# |
|a Wei, Ming-Tzo.
|
| 773 |
# |
# |
|t Annual Review of Physical Chemistry
|g Vol. 61 (2010), p. 421-440
|
| 920 |
# |
# |
|a Phòng Tạp chí -- Trung tâm Thông tin - Thư viện Trường Đại học Đà Lạt
|
| 994 |
# |
# |
|a DLU
|
| 900 |
# |
# |
|a True
|
| 911 |
# |
# |
|a Trương Bảo Trâm Anh
|
| 925 |
# |
# |
|a G
|
| 926 |
# |
# |
|a A
|
| 927 |
# |
# |
|a BB
|
| 980 |
# |
# |
|a Thư viện Trường Đại học Đà Lạt
|